|
|
|
|
| LEADER |
00000nab a2200000 a 4500 |
| 001 |
vtls000461522 |
| 003 |
SK-MaSNL |
| 005 |
20260303001415.0 |
| 008 |
120926c1992 xo 0 cze |
| 015 |
|
|
|a SNBRA19rr/mm-uuuuu
|
| 035 |
|
|
|a CL0461655
|
| 040 |
|
|
|a SNKBUCL
|b slo
|c SNKBUCL
|e AACR2
|
| 041 |
0 |
|
|a cze
|
| 044 |
|
|
|a xo
|c SK
|
| 080 |
|
|
|a 621.7.024.6:661.061
|2 1981
|
| 080 |
|
|
|a 661.061
|2 1981
|
| 080 |
|
|
|a 66.061
|2 1981
|
| 100 |
1 |
|
|a Jandura, Jiří
|4 aut
|9 976717
|
| 245 |
1 |
0 |
|a Zkušenosti s využíváním přípravku UMAKOR pro bezoplachové odmasťování a fosfátování
|c Jíří Jandura ; Jiří Jandura
|
| 650 |
0 |
7 |
|a úprava kovov povrchová
|2 snkbucl
|9 972937
|
| 650 |
0 |
7 |
|a Odmasťovanie
|2 snkbucl
|9 635856
|
| 650 |
0 |
7 |
|a UMAKOR (prípravok odmasťovací)
|2 snkbucl
|9 976718
|
| 655 |
|
7 |
|a články zo zborníkov
|2 snkbucl
|9 166140
|
| 700 |
1 |
|
|a Jandura, Jiří
|4 aut
|9 976717
|
| 773 |
0 |
|
|t Dvadsiata ôsma konferencia o organických povlakoch
|d Bratislava : Dom techniky ZS VTS, 1992
|
| 850 |
|
|
|a Slovenská národná knižnica v Martine
|a MTA001
|
| 852 |
|
|
|a SNK
|b KIS3GCP
|
| 958 |
|
|
|a RK
|
| 992 |
|
|
|a RZB
|
| 999 |
|
|
|c 1563339
|d 1565269
|